000 00683nam a22002297a 4500
003 OSt
005 20260202040226.0
008 260202b |||||||| |||| 00| 0 eng d
020 _a978-0495-09499-9.
040 _aDWC-Main lib
_cOC
082 _aCirc. 170 Ol45a 2008
100 _aOlen, Jeffrey
245 _aApplying ethics :
_ba text with readings
_cJeffrey Olen
260 _aUSA :
_bThomson Higher Education,
_cc2008.
300 _axi, 559 pages ;
_c23 cm.
504 _aIncludes bibliographical references and index.
650 _a1. Ethics.
650 _a2. Social ethics.
700 _aBarry, Vincent
700 _dVan Camp, Julie C.
942 _2ddc
_cBK-CIRC
_kCirc.
_n0
999 _c8107
_d8107